Mixed Word: Australia Quiz Stats

Quiz Updated Nov 1, 2017

Challenge
Share
Tweet
Score 0/16 Timer 03:00
5 Plays Today
Scrambled Term Australian Term % Correct
TOMBAWWombat
90.9%
RAETG RRERIAB EEFRGreat Barrier Reef
87.5%
MEASJ OKCOJames Cook
83.5%
NWE HOSUT LSEAWNew South Wales
82.4%
NEDYSY EAOPR OUESHSydney Opera House
82.2%
AGRNAOKOKangaroo
74.5%
CERARNBACanberra
52.7%
TAGER NSAYD TREEDSGreat Sandy Desert
49.8%
Scrambled Term Australian Term % Correct
RDIGDEODOIDidgeridoo
47.1%
NBSRIAEBBrisbane
42.5%
BACUKTOOutback
41.4%
EMEBNLORUMelbourne
32.7%
AIRCIVOTVictoria
32.6%
NMAAIATSTasmania
28.2%
MABNOGEROBoomerang
23%
HELMTOONCMWACommonwealth
4.2%

You're not logged in!

Compare scores with friends on all Sporcle quizzes.
Join for Free
OR
Log In

You Might Also Like...

Show Comments

Extras

Top Quizzes Today


Score Distribution

Your Account Isn't Verified!

In order to create a playlist on Sporcle, you need to verify the email address you used during registration. Go to your Sporcle Settings to finish the process.

Report this User

Report this user for behavior that violates our Community Guidelines.

Details: